El alumno como invención
সংরক্ষণ করুন:
| প্রধান লেখক: | |
|---|---|
| বিন্যাস: | গ্রন্থ |
| ভাষা: | স্প্যানিশ |
| প্রকাশিত: |
Madrid, España
Morata
2003
|
| মালা: | Pedagogía
|
| বিষয়গুলি: | |
| ট্যাগগুলো: |
ট্যাগ যুক্ত করুন
কোনো ট্যাগ নেই, প্রথমজন হিসাবে ট্যাগ করুন!
|
MARC
| LEADER | 00000nam a2200000 a 4500 | ||
|---|---|---|---|
| 001 | UCK3007 | ||
| 003 | CL-VaPUC | ||
| 005 | 20230828170825.0 | ||
| 008 | 050408e20030000SP |||||||||||||||||spa|d | ||
| 999 | |c 312355 |d 312353 | ||
| 020 | |a 8471124874 | ||
| 040 | |c Pontificia Universidad Católica de Valparaíso | ||
| 082 | 0 | 4 | |a 370.1 GIM 2003 |2 21 |
| 100 | |a Gimeno Sacristán, José |e autor |9 814227 | ||
| 245 | 1 | 3 | |a El alumno como invención |
| 260 | |a Madrid, España |b Morata |c 2003 | ||
| 300 | |a 255 páginas | ||
| 490 | 0 | |a Pedagogía | |
| 583 | |a last modification |c 20050408 00:00:00 |k Rodrigo Vera | ||
| 650 | 0 | |a Filosofía de la educación |9 258384 | |
| 650 | 0 | |a Alumnos |9 335074 | |
| 650 | 0 | |a Sociología de la educación |9 260380 | |
| 942 | |c BK |2 ddc | ||
| 945 | |d 20050408 00:00:00 |a cmena | ||
| 952 | |0 0 |1 0 |2 ddc |4 0 |6 370_100000000000000_GIM_2003 |7 0 |8 A |9 382527 |a BIBEDU |b BIBEDU |d 2019-11-21 |i 410823K |o 370.1 GIM 2003 |p 410823K |r 2019-11-21 |t 1 |w 2019-11-21 |y BK |k PSI | ||
| 952 | |0 0 |1 0 |2 ddc |4 0 |6 370_100000000000000_GIM_2003 |7 0 |8 A |9 562191 |a BIBEDU |b BIBEDU |d 2020-03-30 |i 5618339 |o 370.1 GIM 2003 |p 5618339 |r 2020-03-30 |t 2 |w 2020-03-30 |y BK |k EPE | ||